LEADER 01014nam a2200217 i 4500 001 000000232188 003 CaOOAMICUS 005 20140820000000.0 008 140820s1883 it u000 u ita u 013 $a211091 040 $aSeMil$bita 100 1 $aVeuillot, Louis,$d<1813-1883>.$0(OLS)http://semarc/name/8850 245 10$aGesù Cristo /$cper Luigi Veuillot ; con uno studio sull'arte cristiana per E. Cartier ; traduzione dal francese sulla 4. ed. 260 $aFirenze :$bTipografia della Pia casa di patronato pei minorenni,$c1883. 300 $aXV, 468 p. ;$c27 cm. 650 4$aBibbia - NT - Gesù Cristo.$0(OLS)http://semarc/subject/9402 700 1 $aCartier, Étienne,$d<1813-1887>.$0(OLS)http://semarc/name/41076 850 $aSeMil 852 $aSeMil$W1$xVenegono$y1$m2X V 2 FA$j182534$B182534$CSeMilBibl$Z2$F193556 $8I 996 $6245$aGesù Cristo$9(OLS)http://semarc/title/74391 996 $6260$aFirenze :$bTipografia della Pia casa di patronato pei minorenni$9(OLS)http://semarc/publisher/53966 LEADER 01133nam a2200277 i 4500 001 000000004794 003 CaOOAMICUS 005 20230808114249.0 008 180830s17901791it u000 u ita u 040 $aSeMil$bita 100 1 $aPompei, Girolamo,$d<1731-1788>.$0(OLS)http://semarc/name/2872 245 10$aOpere del signor Girolamo Pompei gentiluomo veronese. Tomo primo [-sesto]. 260 $aVerona :$bper gli eredi Moroni,$c1790-1791. 300 $a6 v. ;$c8°. 650 4$aLetteratura italiana - Sec. 18.$0(OLS)http://semarc/subject/810 650 4$aPoesia italiana - Sec. 18.$0(OLS)http://semarc/subject/811 700 1 $aMoroni, Marco,$c.$0(OLS)http://semarc/name/2873 774 0 $tTomo 1.$g1$w()35268 774 0 $tTomo 2.$g2$w()206165 774 0 $tTomo 3.$g3$w()206166 774 0 $tTomo 4.$g4$w()206167 774 0 $tTomo 5.$g5$w()206168 774 0 $tTomo 6.$g6$w()206169 996 $6245$aOpere del signor Girolamo Pompei gentiluomo veronese. Tomo primo [-sesto]$9(OLS)http://semarc/title/6915 996 $6260$aVerona :$bper gli eredi Moroni$9(OLS)http://semarc/publisher/31351